Đặc điểm văn xuôi Dương Thụy

Dương Thụy và văn xuôi Việt Nam đầu thế kỷ XXI; Cảm hứng nghệ thuật và sự khám phá con người trong văn xuôi Dương Thụy; Phương thức nghệ thuật trong văn xuôi Dương Thụy...

Đã lưu trong:
Sonraí Bibleagrafaíochta
Príomhúdar: Trần Thị Mộng Tình
Údair Eile: Tôn Thất Dụng T.S (Hướng dẫn)
Formáid: Leabhar
Foilsithe: Đà Nẵng Đại học Đà Nẵng 2012
Ábhair:
Clibeanna: Cuir Clib Leis
Gan Chlibeanna, Bí ar an gcéad duine leis an taifead seo a chlibeáil!
Thư viện lưu trữ: Mạng thư viện Đại học Đà Nẵng
LEADER 01620nam a2200325 4500
001 000017913
003 14339
005 20130828150839.0
008 130618s2012 sd
082 |a 895.92283408  |b TR-T 
100 |a Trần Thị Mộng Tình 
245 |a Đặc điểm văn xuôi Dương Thụy  |c Trần Thị Mộng Tình ; Tôn Thất Dụng hướng dẫn.  |k Luận văn Thạc sĩ 
260 |a Đà Nẵng  |b Đại học Đà Nẵng  |c 2012 
300 |a 102 tr., phụ lục 3 tr.  |c 29 cm.  |e CD + tóm tắt 
500 |a Luận văn thạc sĩ Khoa học xã hội và nhân văn. Chuyên ngành : Văn học Việt Nam. Mã số: 60.22.34. 
520 |a Dương Thụy và văn xuôi Việt Nam đầu thế kỷ XXI; Cảm hứng nghệ thuật và sự khám phá con người trong văn xuôi Dương Thụy; Phương thức nghệ thuật trong văn xuôi Dương Thụy... 
600 1 4 |a Dương Thụy  |d 1975- 
650 0 4 |a Văn xuôi Việt Nam  |v Luận văn tốt nghiệp  |x Nghiên cứu 
653 |a Văn học Việt Nam  |a Văn xuôi Việt Nam 
700 |a Tôn Thất Dụng  |c T.S  |e Hướng dẫn 
OWN |a LSP 
AVA |a UDN50  |b LSP  |d 895.92283408 TR-T  |e available  |t Error 5001 Not defined in file expand_doc_bib_avail.  |f 1  |g 0  |h N  |i 0  |k 1 
999 |a From the UDN01 
AVA |a UDN50  |b LSP  |d 895.92283408 TR-T  |e available  |t Error 5001 Not defined in file expand_doc_bib_avail.  |f 1  |g 0  |h N  |i 0  |k 1 
TYP |a Monograph 
TYP |a Printed language 
980 |a Mạng thư viện Đại học Đà Nẵng